| 000 | 00518nam a2200229Ia 4500 | ||
|---|---|---|---|
| 003 | OSt | ||
| 005 | 20220924142831.0 | ||
| 006 | a|||||r|||| 00| 0 | ||
| 007 | ta | ||
| 008 | ASM | ||
| 024 | _a303449 | ||
| 037 | _cTextual | ||
| 040 |
_aARTS _cARTS _bASM |
||
| 041 |
_2ASM _aASM |
||
| 082 | _aLB, 158M7 | ||
| 100 |
_aKhanikar _9214142 |
||
| 245 | 0 | _aSahajlavya ban darbar gun | |
| 260 | _c1987 | ||
| 650 |
_aMEDICINE _94387 |
||
| 942 |
_hLB, 158M7 _cTEXL _2CC |
||
| 999 |
_c452104 _d452104 |
||